<?xml version="1.0" encoding="UTF-8"?>
<collection xmlns="http://www.loc.gov/MARC21/slim">
    <record>
        <controlfield tag="001">66713</controlfield>
        <controlfield tag="005">20180223094634.0</controlfield>
        <datafield tag="037" ind1=" " ind2=" ">
            <subfield code="a">GDOC-2016-28130</subfield>
        </datafield>
        <datafield tag="041" ind1=" " ind2=" ">
            <subfield code="a">spa</subfield>
        </datafield>
        <datafield tag="100" ind1=" " ind2=" ">
            <subfield code="0">(orcid)0000-0002-8971-5656</subfield>
            <subfield code="1">134030</subfield>
            <subfield code="a">Sopeña Genzor, Gabriel</subfield>
        </datafield>
        <datafield tag="245" ind1="0" ind2="0">
            <subfield code="9">28130</subfield>
            <subfield code="a">Historia de las religiones</subfield>
        </datafield>
        <datafield tag="260" ind1=" " ind2=" ">
            <subfield code="a">Zaragoza</subfield>
            <subfield code="b">Universidad de Zaragoza</subfield>
            <subfield code="c">2016-2017</subfield>
        </datafield>
        <datafield tag="520" ind1=" " ind2=" ">
            <subfield code="a">Breve presentación de la asignatura
Se pretende familiarizar al alumno, de manera básica, en la comprensión de los diferentes sistemas religiosos, sus mecanismos de funcionamiento y su consideración historiográfica. Se abordarán las diversas aproximaciones y métodos aplicados al objeto de estudio y se dará una visión del desarrollo histórico de los diversos sistemas, desde los politeísmos antiguos a las religiones universalistas.
Se intentará que el alumno valore de manera crítica la importancia de esta materia en el ámbito formativo, dado su determinante papel en el desarrollo de las sociedades humanas, en la expresión de la identidad y en la de la alteridad. Todo ello sobre la base de que los hechos religiosos, para poder ser examinados con las herramientas del análisis científico, sólo pueden ser estudiados desde una perspectiva cultural (como construcción de seres humanos y atendiendo al contexto histórico específico en el que surgen), aunque la explicación acerca de aquellos haya podido ser teológica o normativa.</subfield>
            <subfield code="b"> </subfield>
        </datafield>
        <datafield tag="521" ind1=" " ind2=" ">
            <subfield code="9">122</subfield>
            <subfield code="a">Historia</subfield>
        </datafield>
        <datafield tag="540" ind1=" " ind2=" ">
            <subfield code="a">by-nc-sa</subfield>
            <subfield code="b">Creative Commons</subfield>
            <subfield code="c">3.0</subfield>
            <subfield code="u">http://creativecommons.org/licenses/by-nc-sa/3.0/</subfield>
        </datafield>
        <datafield tag="830" ind1=" " ind2=" ">
            <subfield code="9">418</subfield>
        </datafield>
        <datafield tag="856" ind1="4" ind2=" ">
            <subfield code="s">18114</subfield>
            <subfield code="u">http://zaguan.unizar.es/record/66713/files/guia-28130-es.pdf</subfield>
            <subfield code="y">Guía (idioma español)</subfield>
        </datafield>
        <datafield tag="856" ind1="4" ind2=" ">
            <subfield code="s">9660</subfield>
            <subfield code="u">http://zaguan.unizar.es/record/66713/files/guia-28130-en.pdf</subfield>
            <subfield code="y">Guide (english)</subfield>
        </datafield>
        <datafield tag="970" ind1=" " ind2=" ">
            <subfield code="a">GDOC-2016-28130</subfield>
        </datafield>
        <datafield tag="980" ind1=" " ind2=" ">
            <subfield code="a">GDOC</subfield>
            <subfield code="b">Artes y humanidades</subfield>
            <subfield code="c">103</subfield>
        </datafield>
    </record>

    
</collection>